000 00953nam a22001817a 4500
003 OSt
005 20260303080207.0
008 260303b |||||||| |||| 00| 0 eng d
040 _aDWCL GS library
_cOC
082 _aFic. D621w 2008
100 _aDixon, Franklin W.
245 _athe hardy boys mystery stories 10
_b: what happened at midnight
_cFranklin W. Dixon
260 _aCanada
_bGrosset & Dunlap
_cc1931
300 _a172
_billustrations
_c19cm
520 _aFrank and Joe Hardy receive an unusual assignment from their detective father. They are to break into the house of a Bayport neighbor, Malcolm Wright, and retrieve a top-secret invention that the scientist had hidden in his study before leaving for California. The invention is in danger of being stolen, and the boys race against time to beat the thieves at their own game.
546 _aEnglish
942 _2ddc
_cFIC.
_hFic. D621w 2008 n
_n0
999 _c8597
_d8597